Culture as a regional development factor

Kultúrny kapitál. Kultúra a sociálno-ekonomický regionálny rozvoj v rámci Európskej únie. Kultúra ako zdroj zamestnanosti. Kultúra ako podpora pre investičné rozhodnutia a turizmus. Kultúra ako strategická súčasť regionálneho rozvoja.

Gespeichert in:
Bibliographische Detailangaben
Weitere Verfasser: Laskovičová, Tatiana
Format: Buchkapitel
Sprache:Englisch
Schlagworte:
Tags: Tag hinzufügen
Keine Tags, Fügen Sie das erste Tag hinzu!

MARC

LEADER 00000naa$a2200000$$$4500
001 0120978
005 20240502072355.6
041 0 |a eng 
044 |a SK 
245 1 0 |a Culture as a regional development factor  |c do angl. prel. Tatiana Laskovičová 
520 |a Kultúrny kapitál. Kultúra a sociálno-ekonomický regionálny rozvoj v rámci Európskej únie. Kultúra ako zdroj zamestnanosti. Kultúra ako podpora pre investičné rozhodnutia a turizmus. Kultúra ako strategická súčasť regionálneho rozvoja. 
610 2 0 |a kultúra 
610 2 0 |a rozvoj regionálny 
610 2 0 |a rozvoj sociálno-ekonomický 
610 2 0 |a ruch cestovný 
610 2 0 |a zamestnanosť 
610 2 0 |a Európska únia 
700 1 |a Laskovičová, Tatiana